Todas las ciudades de 1M por proximidad - Estadísticas

Estadísticas generales
  • Esta prueba ha sido intentada 5.224 veces
  • La puntuación promedio es 461 de 626
Respuestas en el mapa
Las respuestas están codificadas por una escala verde-roja en el mapa de la prueba según el % correcto abajo.
 
Estadísticas de respuestas
Nombre País % Correcto
Argel Argelia
98%
Barcelona España
98%
Burdeos Francia
98%
Casablanca Marruecos
98%
Fez Marruecos
98%
Lisboa Portugal
98%
Lyon Francia
98%
Madrid España
98%
Málaga España
98%
Marsella Francia
98%
Milán Italia
98%
Oporto Portugal
98%
Oran Argelia
98%
París Francia
98%
Rabat Marruecos
98%
Sevilla España
98%
Stuttgart Alemania
98%
Tánger Marruecos
98%
Toulouse Francia
98%
Turín Italia
98%
Valencia España
98%
Zúrich Suiza
98%
Amberes Bélgica
97%
Ámsterdam Países Bajos
97%
Berlín Alemania
97%
Boston Estados Unidos
97%
Bremen Alemania
97%
Bruselas Bélgica
97%
Búfalo Estados Unidos
97%
Cleveland Estados Unidos
97%
Colonia Alemania
97%
Columbus Estados Unidos
97%
Detroit Estados Unidos
97%
Filadelfia Estados Unidos
97%
Frankfurt Alemania
97%
Hamburgo Alemania
97%
Hannover Alemania
97%
Harrisburg Estados Unidos
97%
Hartford Estados Unidos
97%
Lille Francia
97%
Londres Reino Unido
97%
Mannheim Alemania
97%
Montreal Canadá
97%
Múnich Alemania
97%
Nottingham Reino Unido
97%
Nueva York Estados Unidos
97%
Núremberg Alemania
97%
Ottawa Canadá
97%
Pittsburgh Estados Unidos
97%
Richmond Estados Unidos
97%
Róterdam Países Bajos
97%
Sheffield Reino Unido
97%
Toronto Canadá
97%
Virginia Beach Estados Unidos
97%
Washington Estados Unidos
97%
Birmingham Reino Unido
96%
Charlotte Estados Unidos
96%
Cincinnati Estados Unidos
96%
Dublín Irlanda
96%
Glasgow Reino Unido
96%
Greensboro Estados Unidos
96%
Leeds Reino Unido
96%
Liverpool Reino Unido
96%
Manchester Reino Unido
96%
Newcastle Reino Unido
96%
Raleigh Estados Unidos
96%
Southampton Reino Unido
96%
Belo Horizonte Brasil
95%
Brasilia Brasil
95%
Campinas Brasil
95%
Goiânia Brasil
95%
Minsk Bielorrusia
95%
Praga República Checa
95%
Río de Janeiro Brasil
95%
Santos Brasil
95%
São Paulo Brasil
95%
Vitoria Brasil
95%
Chuzhou China
94%
Córdoba Argentina
94%
Dnipró Ucrania
94%
Helsinki Finlandia
94%
Huai'an China
94%
Jiangyin China
94%
McAllen Estados Unidos
94%
Monterrey México
94%
Nankín China
94%
Nantong China
94%
Porto Alegre Brasil
94%
Rosario Argentina
94%
Saltillo México
94%
San Luis Potosí México
94%
Taizhou China
94%
Torreón México
94%
Yancheng China
94%
Yangzhou China
94%
Zhenjiang China
94%
Aguascalientes México
93%
Belgrado Serbia
93%
Busan Corea del Sur
93%
Changwon Corea del Sur
93%
Ciudad de México México
93%
Cuernavaca México
93%
Dalian China
93%
Dezhou China
93%
Donetsk Ucrania
93%
Dongying China
93%
Fukuoka Japón
93%
Guadalajara México
93%
Hengshui China
93%
Járkiv Ucrania
93%
Jinan China
93%
Jining China
93%
Kiev Ucrania
93%
Kitakyushu Japón
93%
Kumamoto Japón
93%
León México
93%
Lianyungang China
93%
Liaocheng China
93%
Linyi China
93%
Mendoza Argentina
93%
Morelia México
93%
Moscú Rusia
93%
Puebla México
93%
Qingdao China
93%
Qinhuangdao China
93%
Querétaro México
93%
Rizhao China
93%
Rostov Rusia
93%
San Petersburgo Rusia
93%
Shuyang China
93%
Suqian China
93%
Tai'an China
93%
Tangshan China
93%
Tianjin China
93%
Toluca México
93%
Ulsan Corea del Sur
93%
Weifang China
93%
Weihai China
93%
Xuzhou China
93%
Yantai China
93%
Zaozhuang China
93%
Zibo China
93%
Barranquilla Colombia
92%
Bengbu China
92%
Buenos Aires Argentina
92%
Cartagena Colombia
92%
Hiroshima Japón
92%
Huaibei China
92%
Maracaibo Venezuela
92%
Montevideo Uruguay
92%
Nagoya Japón
92%
Okayama Japón
92%
Osaka Japón
92%
Pionyang Corea del Norte
92%
Seúl Corea del Sur
92%
Voronezh Rusia
92%
Wuhu China
92%
Antalya Turquía
91%
Anyang China
91%
Bogotá Colombia
91%
Bucaramanga Colombia
91%
Changzhi China
91%
Copenhague Dinamarca
91%
Cúcuta Colombia
91%
Fuyang China
91%
Hamamatsu Japón
91%
Handan China
91%
Hefei China
91%
Heze China
91%
Huainan China
91%
Jiaozuo China
91%
Kaifeng China
91%
Konya Turquía
91%
Las Vegas Estados Unidos
91%
Lu'an China
91%
Luoyang China
91%
Medellín Colombia
91%
Mersin Turquía
91%
Nanyang China
91%
Nizhni Nóvgorod Rusia
91%
Pingdingshan China
91%
Puyang China
91%
Shangqiu China
91%
Shijiazhuang China
91%
Sofía Bulgaria
91%
Xiangyang China
91%
Xingtai China
91%
Xinxiang China
91%
Xinyang China
91%
Xuchang China
91%
Zhengzhou China
91%
Zhoukou China
91%
Adana Turquía
90%
Alepo Siria
90%
Atlanta Estados Unidos
90%
Beirut Líbano
90%
Budapest Hungría
90%
Cali Colombia
90%
Curitiba Brasil
90%
Florianópolis Brasil
90%
Fresno Estados Unidos
90%
Gaziantep Turquía
90%
Kazán Rusia
90%
Langfang China
90%
Los Ángeles Estados Unidos
90%
Pekín China
90%
Sacramento Estados Unidos
90%
Samara Rusia
90%
San Diego Estados Unidos
90%
San Francisco Estados Unidos
90%
Sarátov Rusia
90%
Sendai Japón
90%
Shizuoka Japón
90%
Stockton Estados Unidos
90%
Tijuana México
90%
Tokio Japón
90%
Viena Austria
90%
Volgogrado Rusia
90%
Anshan China
89%
Baoding China
89%
Barquisimeto Venezuela
89%
Changchun China
89%
Huludao China
89%
Jilin China
89%
Jinzhou China
89%
Linfen China
89%
Maracay Venezuela
89%
Panjin China
89%
Salt Lake City Estados Unidos
89%
Sapporo Japón
89%
Shenyang China
89%
Shiyan China
89%
Taiyuan China
89%
Ulanhad China
89%
Valencia Venezuela
89%
Xi'an China
89%
Yulin China
89%
Alejandría Egipto
88%
Amán Jordania
88%
Arequipa Perú
88%
Bucarest Rumania
88%
Cancún México
88%
Ciudad de Panamá Panamá
88%
Damasco Siria
88%
Gaza Palestina
88%
Irbid Jordania
88%
Jerusalén Israel
88%
Quito Ecuador
88%
Roma Italia
88%
Tel Aviv Israel
88%
Cabo Coral Estados Unidos
87%
Hohhot China
87%
Jacksonville Estados Unidos
87%
Melbourne Estados Unidos
87%
Miami Estados Unidos
87%
Nápoles Italia
87%
Orlando Estados Unidos
87%
Phoenix Estados Unidos
87%
Tampa Estados Unidos
87%
Tucson Estados Unidos
87%
Ankara Turquía
86%
Baotou China
86%
Datong China
86%
El Cairo Egipto
86%
Esmirna Turquía
86%
Estocolmo Suecia
86%
La Habana Cuba
86%
Lima Perú
86%
Atenas Grecia
85%
Bursa Turquía
85%
Estambul Turquía
85%
Indianápolis Estados Unidos
85%
Louisville Estados Unidos
85%
Túnez Túnez
85%
Varsovia Polonia
85%
Bhilai India
84%
Chicago Estados Unidos
84%
San Miguel de Tucumán Argentina
84%
Susa Túnez
84%
Yinchuan China
84%
Katowice Polonia
83%
Santiago Chile
83%
Valparaíso Chile
83%
Zhangjiakou China
83%
Nashville Estados Unidos
82%
Odesa Ucrania
82%
Ahvaz Irán
80%
Allahabad India
80%
Basora Irak
80%
Kuwait Kuwait
80%
Nagpur India
80%
Oslo Noruega
80%
Shiraz Irán
80%
Jabalpur India
79%
Jodhpur India
79%
Katmandú Nepal
79%
Kayseri Turquía
79%
Patna India
79%
Ranchi India
79%
Varanasi India
79%
Hengyang China
78%
Riad Arabia Saudita
78%
Ahmedabad India
77%
Aurangabad India
77%
Bhopal India
77%
Dammam Arabia Saudita
77%
Gwalior India
77%
Hyderabad Pakistán
77%
Indore India
77%
Jaipur India
77%
Kaohsiung Taiwán
77%
Kota India
77%
Manamá Baréin
77%
Rajkot India
77%
Santo Domingo República Dominicana
77%
Surat India
77%
Tainan Taiwán
77%
Vadodara India
77%
Cangnan China
76%
Changsha China
76%
Ezhou China
76%
Fuzhou China
76%
Ganzhou China
76%
Isfahán Irán
76%
Jinhua China
76%
Jiujiang China
76%
Liuyang China
76%
Nanchang China
76%
San Juan Estados Unidos
76%
Shangrao China
76%
Shantou China
76%
Taichung Taiwán
76%
Taipéi Taiwán
76%
Wenzhou China
76%
Wuhan China
76%
Xiamen China
76%
Yiwu China
76%
Yongkang China
76%
Yueyang China
76%
Caracas Venezuela
75%
Huzhou China
75%
Jiaxing China
75%
Mosul Irak
75%
Ningbo China
75%
Shanghái China
75%
Sídney Australia
75%
Abu Dabi Emiratos Árabes Unidos
74%
Doha Catar
74%
Dubái Emiratos Árabes Unidos
74%
Hofuf Arabia Saudita
74%
Melbourne Australia
74%
Bagdad Irak
73%
Changde China
73%
Da Nang Vietnam
73%
Kanpur India
73%
Lucknow India
73%
Managua Nicaragua
73%
Memphis Estados Unidos
73%
Milwaukee Estados Unidos
73%
Qingyuan China
73%
San José Costa Rica
73%
Yichang China
73%
Brisbane Australia
72%
Guayaquil Ecuador
72%
Hanói Vietnam
72%
Najaf Irak
72%
Chandigarh India
71%
Dehradun India
71%
Faisalabad Pakistán
71%
Ludhiana India
71%
Multan Pakistán
71%
Saharanpur India
71%
Shaoyang China
71%
Srinagar India
71%
Amritsar India
70%
Batam Indonesia
70%
Cantón China
70%
Ciudad de Guatemala Guatemala
70%
El Paso Estados Unidos
70%
Guilin China
70%
Gujranwala Pakistán
70%
Hong Kong China
70%
Jalandhar India
70%
Juárez México
70%
Lahore Pakistán
70%
Palembang Indonesia
70%
Pekanbaru Indonesia
70%
Peshawar Pakistán
70%
Rawalpindi Pakistán
70%
Singapur Singapur
70%
Zhaoqing China
70%
Zhuhai China
70%
Agadir Marruecos
69%
Dallas Estados Unidos
69%
George Town Malasia
69%
Karawang Indonesia
69%
Marrakech Marruecos
69%
Portland Estados Unidos
69%
Salem Estados Unidos
69%
San Pedro Sula Honduras
69%
San Salvador El Salvador
69%
St. Louis Estados Unidos
69%
Tegucigalpa Honduras
69%
Yakarta Indonesia
69%
Agra India
68%
Austin Estados Unidos
68%
Cochabamba Bolivia
68%
Delhi India
68%
Erbil Irak
68%
Ereván Armenia
68%
Kansas City Estados Unidos
68%
Kirkuk Irak
68%
La Paz Bolivia
68%
Mérida México
68%
Oklahoma City Estados Unidos
68%
Rangún Myanmar
68%
San Antonio Estados Unidos
68%
Santa Cruz Bolivia
68%
Aligarh India
67%
Bareilly India
67%
Guigang China
67%
Guiyang China
67%
Houston Estados Unidos
67%
Liuzhou China
67%
Meerut India
67%
Moradabad India
67%
Zunyi China
67%
Asansol India
66%
Bandar Lampung Indonesia
66%
Bhubaneshwar India
66%
Calcuta India
66%
Chitagón Bangladés
66%
Daca Bangladés
66%
Dhanbad India
66%
Guwahati India
66%
Jamshedpur India
66%
Khulna Bangladés
66%
Serang Indonesia
66%
Siliguri India
66%
Visakhapatnam India
65%
Cheongju Corea del Sur
64%
Daejeon Corea del Sur
64%
Gwangju Corea del Sur
64%
Hangzhou China
64%
Mandalay Myanmar
64%
Calgary Canadá
63%
Chihuahua México
63%
Daegu Corea del Sur
63%
Kermanshah Irán
63%
Seattle Estados Unidos
63%
Vancouver Canadá
63%
Mineápolis Estados Unidos
62%
Port Elizabeth Sudáfrica
62%
Bangkok Tailandia
61%
Chonburi Tailandia
61%
Diyarbakır Turquía
61%
Edmonton Canadá
61%
Qom Irán
61%
Tabriz Irán
61%
Taizhou China
61%
Teherán Irán
61%
Asunción Paraguay
60%
Bakú Azerbaiyán
60%
Beihai China
60%
Haikou China
60%
Hai Phong Vietnam
60%
Ibadán Nigeria
60%
Ilorin Nigeria
60%
Lagos Nigeria
60%
Maoming China
60%
Nanning China
60%
Tiflis Georgia
60%
Zhanjiang China
60%
Aba Nigeria
59%
Abuya Nigeria
59%
Acra Ghana
59%
Bangalore India
59%
Benin City Nigeria
59%
Coimbatore India
59%
Cotonú Benín
59%
Kozhikode India
59%
Lomé Togo
59%
Mysore India
59%
Niamey Níger
59%
Onitsha Nigeria
59%
Port Harcourt Nigeria
59%
Ángeles Filipinas
58%
Bandung Indonesia
58%
Cebú Filipinas
58%
Cirebon Indonesia
58%
Denpasar Indonesia
58%
Malang Indonesia
58%
Manila Filipinas
58%
Mascate Omán
58%
Medina Arabia Saudita
58%
Nashik India
58%
Pune India
58%
Semarang Indonesia
58%
Surabaya Indonesia
58%
Surakarta Indonesia
58%
Yogyakarta Indonesia
58%
Abiyán Costa de Marfil
57%
Bobo-Dioulasso Burkina Faso
57%
Chongqing China
57%
Dávao Filipinas
57%
Karachi Pakistán
57%
Kumasi Ghana
57%
Mumbai India
57%
Uagadugú Burkina Faso
57%
Hubli India
56%
Hyderabad India
56%
Jos Nigeria
56%
Kaduna Nigeria
56%
Solapur India
56%
Vijayawada India
56%
Warangal India
56%
Yaundé Camerún
56%
Yeda Arabia Saudita
56%
Zaria Nigeria
56%
Duala Camerún
55%
Ho Chi Minh City Vietnam
55%
Kano Nigeria
55%
Mashhad Irán
55%
Nom Pen Camboya
55%
Sokoto Nigeria
55%
Puerto Príncipe Haití
54%
Khamis Mushait Arabia Saudita
53%
La Meca Arabia Saudita
53%
Kuala Lumpur Malasia
52%
Medan Indonesia
52%
Wanzhou China
52%
Asjabad Turkmenistán
51%
Denver Estados Unidos
51%
Harare Zimbabue
51%
Johannesburgo Sudáfrica
51%
Maputo Mozambique
51%
Durban Sudáfrica
50%
Conakri Guinea
49%
Banjul Gambia
48%
Freetown Sierra Leona
48%
Mombasa Kenia
48%
Mwanza Tanzania
48%
Nairobi Kenia
48%
Touba Senegal
48%
Trípoli Libia
48%
Asmara Eritrea
47%
Ciudad del Cabo Sudáfrica
47%
Naha Japón
47%
Dakar Senegal
46%
Dar es-Salam Tanzania
46%
Kampala Uganda
46%
Bukavu República Democrática del Congo
45%
Kigali Ruanda
45%
Nuakchot Mauritania
45%
Adís Abeba Etiopía
44%
Luzhou China
44%
Yibin China
44%
Baoji China
43%
Dazhou China
43%
Nanchong China
43%
Shymkent Kazajistán
43%
Brazzaville República del Congo
42%
Pointe-Noire República Democrática del Congo
42%
Qujing China
42%
Benguela Angola
41%
Kinsasa República Democrática del Congo
41%
Luanda Angola
41%
Saná Yemen
41%
Teresina Brasil
41%
Jartum Sudán
40%
João Pessoa Brasil
40%
Maceió Brasil
40%
Natal Brasil
40%
Recife Brasil
40%
Fortaleza Brasil
38%
Harbin China
38%
Salvador Brasil
38%
Ulán Bator Mongolia
37%
Chengdú China
36%
Dusambé Tayikistán
36%
Mianyang China
36%
Quetta Pakistán
36%
Almatý Kazajistán
35%
Adelaida Australia
34%
Antananarivo Madagascar
34%
Astaná Kazajistán
34%
Cheliábinsk Rusia
34%
Ekaterimburgo Rusia
34%
Kananga República Democrática del Congo
34%
Mbuji-Mayi República Democrática del Congo
34%
Biskek Kirguistán
33%
Chennai India
33%
Kabul Afganistán
33%
Kochi India
33%
Madurai India
33%
Taskent Uzbekistán
33%
Tiruchirappalli India
33%
Tiruppur India
33%
Colombo Sri Lanka
32%
Omsk Rusia
31%
Perth Australia
31%
Auckland Nueva Zelanda
30%
Novosibirsk Rusia
29%
Bamako Malí
28%
Manaos Brasil
27%
Kunming China
26%
Monrovia Liberia
26%
São Luis Brasil
25%
Yamena Chad
24%
Lilongüe Malaui
23%
Maiduguri Nigeria
23%
Mogadiscio Somalia
20%
Lubumbashi República Democrática del Congo
19%
Lusaka Zambia
19%
Bangui República Centroafricana
18%
Belén Brasil
18%
Lanzhou China
18%
Kisangani República Democrática del Congo
17%
Xining China
17%
Perm Rusia
16%
Ufa Rusia
16%
Macasar Indonesia
14%
Urumqi China
11%
Daqing China
8%
Qiqihar China
8%
Krasnoyarsk Rusia
6%
No se encontraron pruebas coincidentes
Distribución de puntuación
Porcentaje de gente con cada puntuación
Porcentaje por número respondido
Historial de tus puntuaciones
No has intentado esta prueba.